| 000 | 00611nam a2200157 i 4500 | ||
|---|---|---|---|
| 001 | 26701 | ||
| 003 | ES-MaACL | ||
| 005 | 20230906153503.0 | ||
| 007 | t| | ||
| 008 | 030110s1970 sp ||||1| spa d | ||
| 111 | 2 |
_aAsamblea Nacional de Antracita y de la Minería Leonesa del Carbón ( _d1970. _cLeón) _927 |
|
| 245 | 1 | 0 |
_aAsamblea Nacional de Antracita y dela Minería Leonesa del Carbón _b: conferencias magistrales, ponencias, conclusiones definitivas... |
| 260 |
_aLeón : _b[s.n., _c1970] ( _fImp. Provincial) |
||
| 300 |
_a303 p., 21 lám. : _b19 gráf. ; _c24 cm. |
||
| 852 |
_aES-MaACL _jC-41308 _bR.74890 |
||
| 999 |
_c26701 _d26701 |
||